Ces guerres absurdes... - Statistiques

Statistiques générales
  • Ce quiz a été pris 32 fois
  • Le résultat moyen est 6 sur 12
Statistiques - réponses
Question Réponse % Correct
En juillet 1969, le Salvador lance une offensive militaire terrestre et aérienne contre le Honduras qui fera 2000 morts. Quelle fut l'étincelle qui déclencha ce conflit ? Un match de football
86%
En 1932, l'Australie lance une opération militaire contre des animaux nuisibles dans la régions de Campion. Quels animaux sont visés par les militaires du major G.P.W. Meredith ? Des Emeus, car ils s'attaquent aux plantations des fermiers.
76%
En 1836, un pâtissier français vivant à Mexico se plaint que des officiers mexicains ont cassé sa vitrine et volé ses gâteaux. La France exige réparation mais le Mexique refuse. Quel est la réaction française ? Elle bombarde le port de Veracruz et occupe le territoire mexicain.
69%
Le 19 octobre 1925, une sentinelle bulgare, en poste sur la frontière, abat un soldat grec qui aurait tenté de traverser la frontière. En représailles, la Grèce envahit le village bulgare voisin obligeant la SDN à intervenir. Que faisait le soldat grec qui a été abattu ? Il tentait de rattraper son chien s'étant enfuit du côté bulgare
59%
En 1943, les alliés prévoient une invasion à grande échelle des îles Aléoutiennes dans le Pacifique nord. Mais à leur arrivée sur l'île de Kiska, l'île semble abandonnée. Les alliés perdent tout de même près de 313 hommes, pourquoi ? Le brouillard entraine des tirs alliés et les alliés tombent dans des pièges posés par les japonais
59%
A la fin des années 50, un autre pays lance une guerre contre des nuisibles. Cette campagne aura des conséquences désastreuses sur les cultures entrainant la mort de près d'un million de personne. De quel pays s'agit-il ? La Chine maoïste
55%
En 1651, pendant la guerre civile anglaise, les Pays-Bas déclarent la guerre aux îles Scilly (qui soutiennent les royalistes). Jamais un coup de feu ne sera tiré dans l'archipel. En quelle année cette guerre se finit-elle ? En 1986, après que des ambassadeurs aient retrouvé l'acte de guerre (335 ans)
52%
Le 15 juin 1859, un fermier américain découvre un cochon fouillant dans ses plantations et abat l'animal d'un coup de fusil. Cet incident déclenche la mobilisation de soldats britannique et américain dans la zone frontalière de Vancouver. Combien de morts sont à pleurer ? Un seul (le cochon)
48%
En 1784 des soldats néerlandais entrent en conflit avec des troupes locales sur l’île de Ceylan. Le conflit dégénère, sans pour autant savoir qui a tiré le premier, et perdure jusqu'en 1787. Quelle est la raison du déclanchement de cet accrochage de 3 ans ? Les soldats hollandais avaient trop bu
45%
En 1731, un contrebandier britannique, Robert Jenkins, est mutilé par un capitaine espagnol dans les Antilles. 8 ans plus tard, l'homme comparait devant la chambre des communes et raconte son histoire en présentant dans un bocal la partie de son corps dont il est privé. Cette présentation débouche sur une déclaration de guerre contre l'Empire espagnol. On compte plusieurs dizaines de milliers de morts dans les deux camps. Quelle partie du corps de Jenkins fut présentée aux députés britanniques ? Son oreille
34%
Au cours des années 1850, un fonctionnaire chinois déchu, Hong Xiuquan, fonde le mouvement Taiping dans la région de Nankin après avoir lu des brochures religieuses remises par des missionnaires. Le mouvement est vu d'un mauvais oeil par l'Empire de Chine (notamment sous le règne de l'impératrice Cixi). Quel est le nombre estimé de victimes lors de la disparition du mouvement, treize ans après sa naissance ? Entre 20.000.000 et 30.000.000 de morts
28%
En 1325, les cités italiennes de Modène et de Bologne se déclarent la guerre pour une histoire de vol. Le conflit fait des centaines de morts. Quel est l'objet volé ? Un seau pour transporter de la bière
24%
Aucun quiz correspondant
Distribution des résultats
% des personnes avec chaque résultat
Percentile par nombre de réponses
Votre historique - résultats
Vous n’avez pas pris ce quiz